000 00880nam a2200241 i 4500
001 67124
003 ES-MaACL
005 20250807063208.0
007 t|
008 040506s2002 sp ||||0| spa d
040 _aM-BN
_bspa
_cM-BN
080 _a352(460.27 M.)"1202"
100 1 _aAparisi Laporta, Luis Miguel,
_d1943-2023
_922083
245 1 3 _aEl Fuero de Madrid de 1202, primer estatuto de autonomía /
_cpor Luis Miguel Aparisi Laporta.
260 _aMadrid :
_bAyuntamiento :
_bInstituto de Estudios Madrileños,
_c[2002]
300 _a39 p. ;
_c21 cm.
490 1 _aCiclo de conferencias: El Fuero de Madrid de 1202 ;
_v5
650 1 4 _aFueros-
_zMadrid.
_912992
710 2 _aInstituto de Estudios Madrileños
_94916
830 0 _aCiclo de conferencias: El Fuero de Madrid de 1202 ;
_v5
_9183117
852 _aES-MaACL
_j2174-F-5
_bR.133047
999 _c67124
_d67124